[Event "4NCL Division 1d"]
[Site "Hinckley Island ENG"]
[Date "2015.05.04"]
[Round "11.184"]
[White "Eames, Robert S"]
[Black "Mason, Don"]
[Result "1/2-1/2"]
[WhiteElo "2312"]
[BlackElo "2192"]
[PlyCount "58"]
[EventDate "2015.05.04"]
[WhiteTeam "Hackney 1"]
[BlackTeam "Warwickshire Select 1"]

1. e4 e6 2. d4 d5 3. Nc3 Bb4 4. e5 c5 5. a3 Bxc3+ 6. bxc3 Ne7 7. Qg4 Qc7 8. Bd3
cxd4 9. Ne2 dxc3 10. Qxg7 Rg8 11. Qxh7 Qxe5 12. h4 Nd7 13. Bf4 Qf6 14. Bg5 Qh8
15. Qxh8 Rxh8 16. Nxc3 a6 17. Na4 b5 18. Nb2 f6 19. Bd2 Nc5 20. a4 Bd7 21. axb5
Nxd3+ 22. cxd3 Bxb5 23. Bc3 Kf7 24. Kd2 Nc6 25. Na4 d4 26. Bb2 Nb4 27. Nc5 Rac8
28. Rac1 Na2 29. Rc2 Nb4 1/2-1/2

[Event "4NCL Division 1d"]
[Site "Hinckley Island ENG"]
[Date "2015.05.04"]
[Round "11.185"]
[White "Lam, Paul"]
[Black "Reid, John"]
[Result "1/2-1/2"]
[WhiteElo "2155"]
[BlackElo "2327"]
[PlyCount "115"]
[EventDate "2015.05.04"]
[WhiteTeam "Warwickshire Select 1"]
[BlackTeam "Hackney 1"]

1. e4 c5 2. Nf3 d6 3. c3 Nf6 4. Bb5+ Nbd7 5. d3 e6 6. O-O Be7 7. Re1 a6 8. Ba4
O-O 9. Bc2 e5 10. h3 Rb8 11. Nbd2 b5 12. Nf1 Re8 13. Ng3 g6 14. Bh6 Nf8 15. Qd2
Ne6 16. d4 Qc7 17. Rad1 Kh8 18. d5 Nd8 19. b4 Bd7 20. Rc1 Nb7 21. Ng5 Nd8 22.
Nf3 Ng8 23. Be3 Nb7 24. Ng5 Kg7 25. Rf1 h6 26. Nf3 Rf8 27. Nh2 f5 28. f4 exf4
29. Bxf4 g5 30. Nh5+ Kh8 31. exf5 gxf4 32. Nxf4 Bg5 33. h4 Bxf4 34. Qxf4 Qd8
35. Rf3 Qe8 36. bxc5 Nxc5 37. Qxd6 Qe7 38. Qf4 Rbe8 39. Qd4+ Nf6 40. Ng4 Nb7
41. Re3 Qc5 42. Qxc5 Nxc5 43. Ne5 Rg8 44. Rf1 h5 45. Bd1 Bc8 46. Rfe1 Kh7 47.
d6 Nd5 48. f6 Nxf6 49. Bc2+ Kh6 50. Rf1 Ref8 51. Ref3 Ncd7 52. Nxd7 Nxd7 53.
Rf7 Rxf7 54. Rxf7 Rg7 55. Rf5 Bb7 56. Rf2 Rg4 57. Bf5 Rg7 58. Bc2 1/2-1/2

[Event "4NCL Division 1d"]
[Site "Hinckley Island ENG"]
[Date "2015.05.04"]
[Round "11.186"]
[White "Cenal Gutierrez, Ruben"]
[Black "Shephard, Chris"]
[Result "0-1"]
[WhiteElo "2290"]
[BlackElo "2158"]
[PlyCount "108"]
[EventDate "2015.05.04"]
[WhiteTeam "Hackney 1"]
[BlackTeam "Warwickshire Select 1"]

1. d4 f5 2. e4 fxe4 3. Nc3 Nf6 4. Bg5 Nc6 5. d5 Ne5 6. Qd4 Nf7 7. Bxf6 exf6 8.
O-O-O f5 9. f3 Bd6 10. fxe4 Be5 11. Qb4 d6 12. Bb5+ Bd7 13. Nf3 O-O 14. Rhf1
Bxc3 15. bxc3 a5 16. Qc4 Bxb5 17. Qxb5 fxe4 18. Nd4 Qg5+ 19. Kb2 Rfe8 20. Rf5
Qg6 21. g4 e3 22. h3 c6 23. dxc6 bxc6 24. Nxc6 Qe6 25. Nd4 Qc8 26. Qd5 Rb8+ 27.
Nb3 Qc7 28. Qxa5 Qxa5 29. Rxa5 Ne5 30. Re1 Nc4+ 31. Kc1 Rxb3 32. cxb3 Nxa5 33.
Kc2 Kf7 34. Kd3 e2 35. b4 Nc6 36. Rxe2 Rxe2 37. Kxe2 Ke6 38. Kd3 Ne5+ 39. Kd4
Nf3+ 40. Kc4 Kd7 41. a4 Ng5 42. a5 Nxh3 43. a6 Kc7 44. a7 Kb7 45. Kd5 Nf2 46.
g5 Kxa7 47. c4 Kb8 48. Kxd6 Ne4+ 49. Kd7 Nxg5 50. c5 Nf3 51. Kc6 Nd4+ 52. Kd5
Nb5 53. Kc6 Na7+ 54. Kd7 h5 0-1

[Event "4NCL Division 1d"]
[Site "Hinckley Island ENG"]
[Date "2015.05.04"]
[Round "11.187"]
[White "Stepanyan, Henrik"]
[Black "Holes, Michal"]
[Result "1/2-1/2"]
[WhiteElo "2072"]
[BlackElo "2207"]
[PlyCount "75"]
[EventDate "2015.05.04"]
[WhiteTeam "Warwickshire Select 1"]
[BlackTeam "Hackney 1"]

1. d4 Nf6 2. c4 g6 3. Nc3 Bg7 4. Nf3 O-O 5. e4 d6 6. h3 Na6 7. Be3 c5 8. d5 Nc7
9. Bd3 e5 10. g4 Bd7 11. Qd2 b5 12. Nxb5 Nxb5 13. cxb5 c4 14. Bc2 Bxb5 15. Qc3
Kh8 16. O-O-O a5 17. Rdg1 Qc8 18. h4 Nxg4 19. h5 f5 20. hxg6 f4 21. Rxh7+ Kg8
22. Bd2 Rf6 23. Nh4 Nxf2 24. Qf3 Nd3+ 25. Kb1 Qc5 26. Rh1 Ra7 27. Nf5 Rxg6 28.
Qh5 Rg1+ 29. Bd1 Rxh1 30. Qxh1 c3 31. Bxc3 Nf2 32. Qh4 Nxd1 33. Rxg7+ Rxg7 34.
Qd8+ Kh7 35. Qh4+ Kg8 36. Qd8+ Kh7 37. Qh4+ Kg8 38. Qd8+ 1/2-1/2

[Event "4NCL Division 1d"]
[Site "Hinckley Island ENG"]
[Date "2015.05.04"]
[Round "11.188"]
[White "Roberts, Lynda"]
[Black "Donegan, Kate M"]
[Result "1/2-1/2"]
[WhiteElo "1870"]
[BlackElo "1540"]
[PlyCount "81"]
[EventDate "2015.05.04"]
[WhiteTeam "Hackney 1"]
[BlackTeam "Warwickshire Select 1"]

1. e4 e6 2. d3 d5 3. Nd2 d4 4. g3 e5 5. Ne2 c5 6. f4 Nc6 7. Nf3 Bd6 8. Bg2 Nge7
9. O-O f5 10. exf5 Bxf5 11. fxe5 Nxe5 12. Nxe5 Bxe5 13. Bxb7 Rb8 14. Bc6+ Bd7
15. Bxd7+ Qxd7 16. b3 Nf5 17. Bf4 Bxf4 18. Nxf4 O-O 19. Ng2 Ne3 20. Nxe3 dxe3
21. Qe2 Qd4 22. Rae1 Rxf1+ 23. Rxf1 Re8 24. a4 g5 25. Kg2 g4 26. Rf4 Qd5+ 27.
Kg1 h5 28. h3 gxh3 29. Rf3 Qg5 30. Kh2 Qg4 31. c3 Kg7 32. d4 cxd4 33. cxd4 Qxd4
34. Kxh3 Qg4+ 35. Kg2 Qe6 36. b4 Qe4 37. b5 Re5 38. Kh2 Qg4 39. Qf1 Qe6 40. Qe2
Qg4 41. Qf1 1/2-1/2